Movies Quiz

Random Movies or Actor Quiz

Oscar-Star Trek Crossovers Quiz Stats

 Plays Quiz not verified by Sporcle

Challenge
Share
Tweet
Embed
Score 0/9 Timer 05:00
0 Plays Today
Actor % Correct
Benedict Cumberbatch
88.6%
Tom Hardy
75%
** Whoopi Goldberg **
73.7%
James Cromwell
68.6%
** Christopher Plummer **
60.2%
** F. Murray Abraham **
57.6%
Winona Ryder
55.9%
Alfre Woodard
55.1%
Judith Anderson
28.8%

You're not logged in!

Compare scores with friends on all Sporcle quizzes.
Join for Free
OR
Log In

You Might Also Like...

Show Comments

Extras

Top Quizzes Today


Score Distribution

Your Account Isn't Verified!

In order to create a playlist on Sporcle, you need to verify the email address you used during registration. Go to your Sporcle Settings to finish the process.

Report this User

Report this user for behavior that violates our Community Guidelines.

Details: